Statistics for Top Cities Containing Each Letter

Click here to take the quiz!

General Stats

  • This quiz has been taken 185 times
    (171 since last reset)
  • The average score is 87 of 130

Answer Stats

HintAnswer% Correct
PParis
94%
DLondon
93%
E | K | N | +4 othersNew York
93%
K | O | T | YTokyo
90%
B | E | G | +2 othersBeijing
89%
C | E | I | +3 othersMexico City
86%
C | MMoscow
86%
A | G | H | +3 othersShanghai
85%
D | E | H | +2 othersDelhi
83%
C | RCairo
82%
D | JRio de Janeiro
82%
A | G | H | +4 othersGuangzhou
81%
A | J | K | +2 othersJakarta
79%
A | B | I | +2 othersMumbai
79%
L | P | S | USao Paulo
79%
G | L | SLagos
77%
B | TIstanbul
75%
B | R | UBuenos Aires
74%
A | I | L | +2 othersManila
73%
E | L | O | +2 othersSeoul
73%
TTehran
72%
SOsaka
71%
B | G | KBangkok
70%
JJohannesburg
70%
TKolkata
69%
D | H | KDhaka
68%
C | H | RKarachi
62%
XXi'an
62%
MLima
61%
WWuhan
60%
QQuito
57%
PKuala Lumpur
54%
CChennai
53%
YRiyadh
52%
WWashington
51%
YNagoya
46%
PTaipei
46%
QChongqing
44%
D | YHyderabad
44%
JTianjin
44%
XXiamen
44%
PSingapore
43%
QQingdao
38%
VKiev
32%
FFuzhou
31%
FSan Francisco
29%
ZHangzhou
28%
QUrumqi
27%
VVancouver
27%
ZZhengzhou
23%
XPhoenix
22%
ZBelo Horizonte
21%
QGuayaquil
18%
WKuwait City
18%
FRecife
16%
W | ZWenzhou
16%
FHefei
14%
VDenver
12%
FFaisalabad
12%
XXuzhou
5%
VCleveland
4%
VSan Salvador
3%

Score Distribution

Percentile by Number Answered

Percent of People with Each Score

Your Score History

You have not taken this quiz since the last reset